El asedio de la política : los partidos latinoamericanos en la era neoliberal /

Đã lưu trong:
Chi tiết về thư mục
Tác giả chính: Cavarozzi, Marcelo (comp.)
Tác giả khác: Abal Medina, Juan (compilación) (compilación)
Định dạng: Sách
Ngôn ngữ:Tiếng Tây Ban Nha
Được phát hành: Rosario, Argentina : Homo Sapiens, 2002, c2002
Loạt:(Politeia Homo Sapiens)
Những chủ đề:
Các nhãn: Thêm thẻ
Không có thẻ, Là người đầu tiên thẻ bản ghi này!

MARC

LEADER 00000nam^a2200000^a^4500
001 000154770
005 20250521000000.0
009 20260310100405.009
020 |a 950-808-352-2 
037 |a Acervo ITESO - Biblioteca 
041 |a ESP 
082 |a 324. 280  |b CAV 
100 |a Cavarozzi, Marcelo  |e (comp.) 
245 1 3 |a El asedio de la política :  |b los partidos latinoamericanos en la era neoliberal /  |c Comp. de M. Cavarozzi, J. Abal Medina. 
264 4 |a Rosario, Argentina :  |b Homo Sapiens,  |c 2002, c2002 
300 |a 516 p. 
336 |a texto  |b txt  |2 rdacontenido 
337 |a sin mediación  |b n  |2 rdamedio 
338 |a volumen  |b nc  |2 rdasoporte 
440 1 |a (Politeia Homo Sapiens) 
649 |a XX 
650 |a Partidos Políticos -  |z Latinoamérica -  |x Tema Principal 
650 |a Sistema Político -  |z Latinoamérica 
650 |a Representación Política -  |z Latinoamérica 
650 |a Modernización -  |z Latinoamérica 
650 |a Elecciones -  |z Latinoamérica 
650 |a Política -  |z Latinoamérica -  |x Historia -  |y Siglo XX 
700 |a Abal Medina, Juan  |e (compilación) 
910 |a Fondo General 
920 |a Impresos - Libros 
930 |a Colección General 
905 |a 101 
901 |a 0500086222  |b IT1  |c ACC  |u 20250521 
902 |a https://opac.biblio.iteso.mx/vufind/Record/000154770